Biblioteka Instytutu Północnego w Olsztynie

Widok standardowy Widok MARC

Pozycja Personal Name

Liczba rekordów, w których użyto hasła: 1

001 - Numer kontrolny

  • control field: 39037

003 - Identyfikator numeru kontrolnego

  • control field: NUKAT

005 - Data i czas ostatniej modyfikacji

  • control field: 20260327104457.0

008 - Dane kontrolne kodowane (40 znaków)

  • fixed length control field: 170227n||a|znnaabn |a aaa |c

010 ## - Numer kontrolny Biblioteki Kongresu

  • numer kontrolny LC: n 2017077494

024 7# - OTHER STANDARD IDENTIFIER

  • Standard number or code: 482148996127659751913
  • Source of number or code: viaf

040 ## - Instytucja sporządzająca rekord

  • inst. przygot. dane do rek. khw: KR U/PA
  • język haseł przedmiotowych/tezaurus: kaba
  • inst. wprow. rek. khw: KR U/PA

046 ## - Special dates

  • Birth date: 1934

100 1# - Hasło - nazwa osobowa

  • nazwa osobowa w formie ujednoliconej: Lewandowski, Wojciech
  • daty biograficzne: (1934- ).

372 ## - Field of activity

  • Field: Ekonomia.
  • Auth control #: http://nukat.edu.pl/aut/s 94114929
  • Source of term: kaba

374 ## - Occupation

  • Occupation: Ekonomiści.
  • Auth control #: http://nukat.edu.pl/aut/s 95012399
  • Source of term: kaba

670 ## - Źródło informacji

  • źródło informacji: Wystawy indywidualne w galeriach szkolnych / [red. Wojciech Lewandowski]. - Olsztyn, 2015.

670 ## - Źródło informacji

  • źródło informacji: BNPol online

670 ## - Źródło informacji

  • źródło informacji: Portal Organizacji Pozarządowych
  • adres internetowy: http://ludziesektora.ngo.pl/files/bazy.ngo.pl/public/bazy/org/34/86/34865/sprawozdanie/2010-34865-2008mer.pdf

670 ## - Źródło informacji

  • źródło informacji: mojepanstwo.pl
  • adres internetowy: https://mojepanstwo.pl/towarzystwo-przyjaciol-sztuk-pieknych-w-olsztynie
Biblioteka Instytutu Północnego, ul. Partyzantów 87, 10-402 Olsztyn, email: biblioteka(at)ip.olsztyn.pl